[Event "Deutsche Ländermeisterschaft 2017"]
[Site "Hannover GER"]
[Date "2017.10.03"]
[Round "6"]
[White "Wang, Xinyuan"]
[Black "Bräutigam, Katerina"]
[Result "1-0"]
[Termination "normal"]
[Board "1.8"]
[WhiteElo "1757"]
[BlackElo "1115"]
[WhiteClock "00:54:56"]
[BlackClock "00:17:38"]
[WhiteTeam "Baden 1"]
[BlackTeam "Schleswig-Holstein"]
[PlyCount "97"]
[WhiteFideId "16221494"]
[BlackFideId "16242980"]
[EventCountry "GER"]
[EventRounds "7"]
[EventType "team-swiss"]
[EventDate "2017.09.29"]

1. d4 {[%clk 1:30:55]} Nf6 {[%clk 1:30:53]} 2. c4 {[%clk 1:31:13]} g6 {[%clk
1:31:15]} 3. Nc3 {[%clk 1:31:38]} Bg7 {[%clk 1:31:32]} 4. e4 {[%clk 1:31:47]}
d6 {[%clk 1:31:49]} 5. f3 {[%clk 1:32:02]} Nbd7 {[%clk 1:31:31]} 6. Be3 {[%clk
1:32:17]} e5 {[%clk 1:31:47]} 7. Nge2 {[%clk 1:32:21]} c6 {[%clk 1:31:04]} 8.
d5 {[%clk 1:32:16]} c5 {[%clk 1:31:25]} 9. Qd2 {[%clk 1:32:16]} a6 {[%clk
1:19:31]} 10. Nc1 {[%clk 1:27:08]} Qc7 {[%clk 1:11:57]} 11. Be2 {[%clk
1:25:57]} Qd8 {[%clk 1:10:21]} 12. O-O {[%clk 1:23:02]} O-O {[%clk 1:10:17]}
13. Nd3 {[%clk 1:20:28]} Kh8 {[%clk 1:02:52]} 14. f4 {[%clk 1:18:51]} Ng4
{[%clk 1:02:04]} 15. Bxg4 {[%clk 1:17:56]} Nb6 {[%clk 0:51:39]} 16. Bxc8 {[%clk
1:16:44]} Nxc4 {[%clk 0:51:53]} 17. Qe2 {[%clk 1:16:49]} Rxc8 {[%clk 0:49:55]}
18. fxe5 {[%clk 1:16:10]} dxe5 {[%clk 0:48:39]} 19. Bxc5 {[%clk 1:13:12]} Rg8
{[%clk 0:36:10]} 20. Rxf7 {[%clk 1:12:24]} b6 {[%clk 0:27:58]} 21. Be7 {[%clk
1:10:51]} Qe8 {[%clk 0:23:42]} 22. Raf1 {[%clk 1:09:40]} Rc7 {[%clk 0:23:08]}
23. Nb4 {[%clk 1:08:32]} Nd6 {[%clk 0:20:11]} 24. Bxd6 {[%clk 1:07:20]} Rxf7
{[%clk 0:19:47]} 25. Rxf7 {[%clk 1:07:48]} Qxf7 {[%clk 0:19:49]} 26. Nxa6
{[%clk 1:07:53]} Rc8 {[%clk 0:16:42]} 27. Ba3 {[%clk 1:03:29]} Qf6 {[%clk
0:15:38]} 28. Qg4 {[%clk 0:57:03]} Rg8 {[%clk 0:12:54]} 29. d6 {[%clk 0:52:46]}
Bh6 {[%clk 0:12:01]} 30. Nd5 {[%clk 0:50:22]} Qf7 {[%clk 0:09:31]} 31. Qg3
{[%clk 0:49:31]} Rf8 {[%clk 0:08:11]} 32. Qe1 {[%clk 0:48:05]} b5 {[%clk
0:06:11]} 33. Nab4 {[%clk 0:45:22]} Qa7+ {[%clk 0:04:00]} 34. Kh1 {[%clk
0:45:06]} Qd4 {[%clk 0:03:50]} 35. h3 {[%clk 0:43:50]} Qc4 {[%clk 0:03:46]} 36.
Kh2 {[%clk 0:42:50]} Rf1 {[%clk 0:03:42]} 37. Qg3 {[%clk 0:39:40]} Qxe4 {[%clk
0:02:37]} 38. d7 {[%clk 0:37:33]} Rf8 {[%clk 0:01:56]} 39. Nc3 {[%clk 0:33:03]}
Qf5 {[%clk 0:01:25]} 40. Nbd5 {[%clk 0:32:36]} Rd8 {[%clk 0:00:49]} 41. Bd6
{[%clk 0:29:39]} Rxd7 {[%clk 0:28:49]} 42. Bxe5+ {[%clk 0:58:52]} Kg8 {[%clk
0:27:52]} 43. Nf6+ {[%clk 0:58:42]} Kf7 {[%clk 0:26:51]} 44. Nxd7 {[%clk
0:59:00]} Qxd7 {[%clk 0:25:55]} 45. Qf3+ {[%clk 0:58:47]} Ke8 {[%clk 0:24:13]}
46. Nd5 {[%clk 0:57:38]} Bg7 {[%clk 0:21:34]} 47. Qe4 {[%clk 0:55:06]} Kd8
{[%clk 0:19:40]} 48. Bc7+ Kc8 {[%clk 0:17:38]} 49. Nb6+ {[%clk 0:54:56]} 1-0

[Event "Deutsche Ländermeisterschaft 2017"]
[Site "Hannover GER"]
[Date "2017.10.03"]
[Round "6"]
[White "Reuker, Jari"]
[Black "Sawlin, Leonid"]
[Result "1/2-1/2"]
[Termination "normal"]
[Board "2.1"]
[BlackTitle "FM"]
[WhiteElo "2335"]
[BlackElo "2364"]
[WhiteClock "00:07:13"]
[BlackClock "00:40:05"]
[WhiteTeam "Niedersachsen"]
[BlackTeam "Berlin"]
[PlyCount "75"]
[WhiteFideId "12909300"]
[BlackFideId "4689542"]
[EventCountry "GER"]
[EventRounds "7"]
[EventType "team-swiss"]
[EventDate "2017.09.29"]

1. d4 {[%clk 1:30:54]} e6 {[%clk 1:30:54]} 2. c4 {[%clk 1:31:10]} d5 {[%clk
1:31:17]} 3. Nc3 {[%clk 1:31:35]} Be7 {[%clk 1:31:41]} 4. cxd5 {[%clk 1:31:44]}
exd5 {[%clk 1:32:04]} 5. Bf4 {[%clk 1:32:09]} Nf6 {[%clk 1:31:56]} 6. e3 {[%clk
1:32:14]} O-O {[%clk 1:32:04]} 7. Bd3 {[%clk 1:32:20]} Nbd7 {[%clk 1:32:24]} 8.
Nf3 {[%clk 1:30:52]} c6 {[%clk 1:30:58]} 9. Qc2 {[%clk 1:30:56]} Re8 {[%clk
1:31:19]} 10. O-O {[%clk 1:31:11]} Nf8 {[%clk 1:31:43]} 11. h3 {[%clk 1:31:13]}
Ne6 {[%clk 1:32:02]} 12. Bh2 {[%clk 1:28:47]} g6 {[%clk 1:32:21]} 13. Rab1
{[%clk 1:26:45]} Ng7 {[%clk 1:32:43]} 14. b4 {[%clk 1:26:07]} a6 {[%clk
1:33:08]} 15. a4 {[%clk 1:25:56]} Bf5 {[%clk 1:33:28]} 16. b5 {[%clk 1:25:42]}
a5 17. bxc6 {[%clk 1:24:51]} bxc6 {[%clk 1:28:15]} 18. Rb7 {[%clk 1:11:45]} Rc8
{[%clk 1:14:19]} 19. Rfb1 {[%clk 1:08:52]} Bb4 {[%clk 1:13:58]} 20. Ne5 {[%clk
1:03:11]} Re7 {[%clk 1:13:57]} 21. Rxe7 {[%clk 0:40:11]} Qxe7 {[%clk 1:14:15]}
22. Na2 {[%clk 0:35:20]} Bd6 {[%clk 1:08:22]} 23. Bxf5 {[%clk 0:32:14]} Nxf5
{[%clk 1:08:05]} 24. Nd3 {[%clk 0:31:50]} Bxh2+ {[%clk 1:06:24]} 25. Kxh2
{[%clk 0:32:15]} Ne4 {[%clk 1:06:29]} 26. Nc3 {[%clk 0:31:01]} Ned6 {[%clk
1:03:33]} 27. Nc5 {[%clk 0:28:10]} Nc4 {[%clk 1:02:15]} 28. Qd3 {[%clk
0:23:58]} Rd8 {[%clk 0:59:09]} 29. Ne2 {[%clk 0:22:36]} Nfd6 {[%clk 0:53:36]}
30. Nf4 {[%clk 0:21:33]} Re8 {[%clk 0:53:35]} 31. Kg1 {[%clk 0:19:04]} Qa7
{[%clk 0:51:46]} 32. Qd1 {[%clk 0:15:15]} Qe7 {[%clk 0:47:33]} 33. Nfd3 {[%clk
0:12:55]} h5 {[%clk 0:45:33]} 34. Kh1 {[%clk 0:09:48]} Qh4 {[%clk 0:44:27]} 35.
Kg1 {[%clk 0:08:46]} Qg5 {[%clk 0:43:56]} 36. Kh1 {[%clk 0:07:03]} Qh4 {[%clk
0:39:58]} 37. Kg1 {[%clk 0:07:13]} Qg5 {[%clk 0:40:05]} 38. Kh1 1/2-1/2

[Event "Deutsche Ländermeisterschaft 2017"]
[Site "Hannover GER"]
[Date "2017.10.03"]
[Round "6"]
[White "Schulze, Lara"]
[Black "Lagunow, Raphael"]
[Result "0-1"]
[Termination "normal"]
[Board "2.3"]
[WhiteTitle "WFM"]
[BlackTitle "FM"]
[WhiteElo "2130"]
[BlackElo "2357"]
[WhiteClock "00:30:58"]
[BlackClock "00:24:08"]
[WhiteTeam "Niedersachsen"]
[BlackTeam "Berlin"]
[PlyCount "86"]
[WhiteFideId "12956830"]
[BlackFideId "24652644"]
[EventCountry "GER"]
[EventRounds "7"]
[EventType "team-swiss"]
[EventDate "2017.09.29"]

1. e4 {[%clk 1:30:59]} c5 {[%clk 1:30:53]} 2. Nf3 {[%clk 1:31:24]} Nc6 {[%clk
1:31:13]} 3. d4 {[%clk 1:31:49]} cxd4 {[%clk 1:31:38]} 4. Nxd4 {[%clk 1:32:14]}
Nf6 {[%clk 1:31:57]} 5. Nc3 {[%clk 1:32:40]} e5 {[%clk 1:32:10]} 6. Ndb5 {[%clk
1:33:05]} d6 {[%clk 1:32:34]} 7. Bg5 {[%clk 1:33:29]} a6 {[%clk 1:32:59]} 8.
Na3 {[%clk 1:33:54]} b5 {[%clk 1:33:18]} 9. Bxf6 {[%clk 1:34:19]} gxf6 {[%clk
1:33:43]} 10. Nd5 {[%clk 1:34:45]} f5 {[%clk 1:33:33]} 11. Bd3 {[%clk 1:34:59]}
Be6 {[%clk 1:33:45]} 12. Qh5 {[%clk 1:34:34]} Bg7 {[%clk 1:30:37]} 13. O-O
{[%clk 1:34:11]} f4 {[%clk 1:10:21]} 14. c4 {[%clk 1:34:07]} Nd4 {[%clk
0:49:06]} 15. cxb5 {[%clk 1:31:08]} O-O {[%clk 0:48:32]} 16. bxa6 {[%clk
1:12:43]} f5 {[%clk 0:42:02]} 17. Nc3 {[%clk 0:43:53]} h6 {[%clk 0:33:51]} 18.
exf5 {[%clk 0:32:39]} Bxf5 {[%clk 0:33:12]} 19. Bc4+ {[%clk 0:30:24]} Kh7
{[%clk 0:33:21]} 20. Rfd1 {[%clk 0:26:03]} f3 {[%clk 0:30:24]} 21. g4 {[%clk
0:17:32]} Bg6 {[%clk 0:26:51]} 22. Qh3 {[%clk 0:17:47]} e4 {[%clk 0:12:06]} 23.
Re1 {[%clk 0:15:10]} Rc8 {[%clk 0:09:36]} 24. Bd5 {[%clk 0:14:15]} Rxc3 {[%clk
0:08:27]} 25. bxc3 {[%clk 0:14:37]} Ne2+ {[%clk 0:08:56]} 26. Rxe2 {[%clk
0:13:43]} fxe2 {[%clk 0:09:19]} 27. a7 {[%clk 0:03:54]} Qa5 {[%clk 0:08:45]}
28. a8=Q {[%clk 0:03:22]} Rxa8 {[%clk 0:09:08]} 29. Bxa8 {[%clk 0:03:46]} Qxa3
{[%clk 0:07:27]} 30. Re1 {[%clk 0:03:05]} Qxa2 {[%clk 0:05:59]} 31. Bxe4 {[%clk
0:01:26]} Bxe4 {[%clk 0:05:41]} 32. Qe3 {[%clk 0:01:48]} d5 {[%clk 0:03:50]}
33. Rxe2 {[%clk 0:01:13]} Qa1+ {[%clk 0:04:03]} 34. Re1 {[%clk 0:01:42]} Qxc3
{[%clk 0:04:24]} 35. h4 {[%clk 0:01:30]} Bd4 {[%clk 0:01:34]} 36. Qxc3 {[%clk
0:01:15]} Bxc3 {[%clk 0:02:03]} 37. Rc1 {[%clk 0:01:12]} d4 {[%clk 0:02:10]}
38. h5 {[%clk 0:00:40]} Bf3 {[%clk 0:01:42]} 39. Kh2 {[%clk 0:00:41]} Bxg4
{[%clk 0:01:32]} 40. Kg3 {[%clk 0:00:54]} Bxh5 {[%clk 0:01:52]} 41. Rb1 {[%clk
0:01:03]} d3 {[%clk 0:24:29]} 42. Rb7+ {[%clk 0:30:50]} Kg8 {[%clk 0:24:45]}
43. Rd7 {[%clk 0:30:58]} Be2 {[%clk 0:24:08]} 0-1

[Event "Deutsche Ländermeisterschaft 2017"]
[Site "Hannover GER"]
[Date "2017.10.03"]
[Round "6"]
[White "Wiesner, Paula"]
[Black "Polster, Christian"]
[Result "1/2-1/2"]
[Termination "normal"]
[Board "2.4"]
[BlackTitle "FM"]
[WhiteElo "2013"]
[BlackElo "2144"]
[WhiteClock "00:23:06"]
[BlackClock "00:01:00"]
[WhiteTeam "Berlin"]
[BlackTeam "Niedersachsen"]
[PlyCount "66"]
[WhiteFideId "24654019"]
[BlackFideId "12965081"]
[EventCountry "GER"]
[EventRounds "7"]
[EventType "team-swiss"]
[EventDate "2017.09.29"]

1. d4 {[%clk 1:30:59]} d5 {[%clk 1:30:52]} 2. c4 {[%clk 1:31:26]} e6 {[%clk
1:31:17]} 3. Nc3 {[%clk 1:31:54]} c6 {[%clk 1:31:23]} 4. e3 {[%clk 1:30:54]}
Nf6 {[%clk 1:31:35]} 5. Nf3 {[%clk 1:31:18]} Nbd7 {[%clk 1:31:50]} 6. Bd3
{[%clk 1:31:24]} dxc4 {[%clk 1:31:32]} 7. Bxc4 {[%clk 1:31:49]} b5 {[%clk
1:31:30]} 8. Bd3 {[%clk 1:32:02]} a6 {[%clk 1:31:42]} 9. O-O {[%clk 1:31:10]}
Bb7 {[%clk 1:31:15]} 10. Qe2 {[%clk 1:30:46]} c5 {[%clk 1:30:50]} 11. Rd1
{[%clk 1:27:29]} Qb6 {[%clk 1:25:50]} 12. Bc2 {[%clk 1:24:34]} cxd4 {[%clk
1:19:19]} 13. exd4 {[%clk 1:19:32]} Be7 {[%clk 1:15:58]} 14. Bg5 {[%clk
1:17:22]} h6 {[%clk 1:11:41]} 15. Bh4 {[%clk 1:12:27]} Nd5 {[%clk 1:01:15]} 16.
Bxe7 {[%clk 1:04:32]} Kxe7 {[%clk 1:00:53]} 17. Ne4 {[%clk 1:04:00]} Rac8
{[%clk 0:47:11]} 18. Rac1 {[%clk 1:00:57]} N7f6 {[%clk 0:43:27]} 19. Nxf6
{[%clk 0:55:14]} Nxf6 {[%clk 0:36:27]} 20. Ne5 {[%clk 0:47:13]} Rhd8 {[%clk
0:34:53]} 21. Qe3 {[%clk 0:44:50]} Rd6 {[%clk 0:25:41]} 22. Rd2 {[%clk
0:38:58]} Rcd8 {[%clk 0:22:28]} 23. Rcd1 {[%clk 0:38:04]} Kf8 {[%clk 0:17:15]}
24. Qf4 {[%clk 0:36:05]} Bc6 {[%clk 0:13:05]} 25. Nxc6 {[%clk 0:31:17]} Qxc6
{[%clk 0:12:16]} 26. h3 {[%clk 0:29:07]} Nd5 {[%clk 0:09:18]} 27. Qe5 {[%clk
0:28:16]} Nb4 {[%clk 0:06:01]} 28. Bb3 {[%clk 0:27:33]} Qb6 {[%clk 0:04:55]}
29. Qe4 {[%clk 0:24:46]} Kg8 {[%clk 0:01:32]} 30. d5 {[%clk 0:22:08]} Nxd5
{[%clk 0:00:43]} 31. Bxd5 {[%clk 0:22:31]} exd5 32. Rxd5 {[%clk 0:22:43]} Rxd5
{[%clk 0:00:58]} 33. Rxd5 {[%clk 0:23:06]} Rxd5 {[%clk 0:01:00]} 1/2-1/2

[Event "Deutsche Ländermeisterschaft 2017"]
[Site "Hannover GER"]
[Date "2017.10.03"]
[Round "6"]
[White "Pubantz, Jan"]
[Black "Bui, Bao Anh Le"]
[Result "0-1"]
[Termination "normal"]
[Board "2.5"]
[WhiteElo "2030"]
[BlackElo "1896"]
[WhiteClock "00:30:30"]
[BlackClock "00:05:56"]
[WhiteTeam "Niedersachsen"]
[BlackTeam "Berlin"]
[PlyCount "69"]
[WhiteFideId "12996114"]
[BlackFideId "12970719"]
[EventCountry "GER"]
[EventRounds "7"]
[EventType "team-swiss"]
[EventDate "2017.09.29"]

1. Nf3 {[%clk 1:30:58]} c5 {[%clk 1:30:20]} 2. c4 {[%clk 1:31:19]} Nc6 {[%clk
1:29:21]} 3. d4 {[%clk 1:31:34]} cxd4 {[%clk 1:29:15]} 4. Nxd4 {[%clk 1:32:01]}
g6 5. e4 Bg7 {[%clk 1:28:39]} 6. Nc2 {[%clk 1:25:55]} d6 {[%clk 1:28:12]} 7.
Be2 {[%clk 1:25:16]} Nf6 {[%clk 1:28:19]} 8. Nc3 {[%clk 1:25:41]} O-O {[%clk
1:28:32]} 9. O-O {[%clk 1:26:02]} Bd7 {[%clk 1:26:08]} 10. Be3 {[%clk 1:25:35]}
Rc8 {[%clk 1:25:16]} 11. f3 {[%clk 1:15:43]} Ne5 {[%clk 1:11:33]} 12. b3 {[%clk
1:13:25]} a6 {[%clk 1:10:01]} 13. Nd5 {[%clk 1:01:40]} Nxd5 {[%clk 1:09:25]}
14. cxd5 {[%clk 1:01:36]} f5 {[%clk 1:08:37]} 15. Nd4 {[%clk 0:56:19]} Qa5
{[%clk 1:02:25]} 16. Bd2 {[%clk 0:30:13]} Qc5 {[%clk 0:54:51]} 17. Be3 {[%clk
0:30:14]} Qc3 {[%clk 0:51:38]} 18. Qc1 {[%clk 0:19:55]} Ng4 {[%clk 0:32:25]}
19. fxg4 {[%clk 0:11:53]} Bxd4 {[%clk 0:32:46]} 20. Qxc3 {[%clk 0:11:04]} Bxc3
{[%clk 0:32:59]} 21. Rac1 {[%clk 0:10:16]} fxe4 {[%clk 0:29:07]} 22. Rxf8+
{[%clk 0:08:46]} Kxf8 {[%clk 0:29:25]} 23. Bh6+ {[%clk 0:07:50]} Kg8 {[%clk
0:27:36]} 24. Kf2 {[%clk 0:06:03]} Bd4+ {[%clk 0:24:38]} 25. Kg3 {[%clk
0:06:22]} Rxc1 {[%clk 0:16:32]} 26. Bxc1 {[%clk 0:06:46]} Kf7 {[%clk 0:16:10]}
27. Kf4 {[%clk 0:04:22]} e3 {[%clk 0:15:32]} 28. Ke4 {[%clk 0:03:30]} Bc5
{[%clk 0:10:12]} 29. Bxe3 {[%clk 0:02:10]} Bxe3 {[%clk 0:08:34]} 30. Kxe3
{[%clk 0:02:36]} Kf6 {[%clk 0:08:57]} 31. Kf4 {[%clk 0:01:15]} e5+ {[%clk
0:07:19]} 32. dxe6 {[%clk 0:01:37]} g5+ {[%clk 0:06:42]} 33. Ke4 {[%clk
0:00:38]} Bc6+ {[%clk 0:06:37]} 34. Kd4 {[%clk 0:00:51]} Kxe6 {[%clk 0:05:56]}
35. g3 {[%clk 0:30:30]} 0-1

[Event "Deutsche Ländermeisterschaft 2017"]
[Site "Hannover GER"]
[Date "2017.10.03"]
[Round "6"]
[White "Tham, Minh"]
[Black "Hommer, Jeremy"]
[Result "1/2-1/2"]
[Termination "normal"]
[Board "2.6"]
[WhiteElo "1806"]
[BlackElo "1948"]
[WhiteClock "00:08:23"]
[BlackClock "00:09:49"]
[WhiteTeam "Berlin"]
[BlackTeam "Niedersachsen"]
[PlyCount "104"]
[WhiteFideId "12997323"]
[BlackFideId "12992577"]
[EventCountry "GER"]
[EventRounds "7"]
[EventType "team-swiss"]
[EventDate "2017.09.29"]

1. e4 {[%clk 1:30:58]} c6 {[%clk 1:30:48]} 2. Nc3 {[%clk 1:31:22]} d5 {[%clk
1:31:11]} 3. Qe2 {[%clk 1:31:48]} d4 {[%clk 1:31:09]} 4. Nd1 {[%clk 1:32:13]}
e5 {[%clk 1:31:05]} 5. g3 {[%clk 1:32:19]} Bd6 {[%clk 1:29:14]} 6. Bg2 {[%clk
1:31:34]} c5 {[%clk 1:26:11]} 7. d3 {[%clk 1:31:43]} Nc6 {[%clk 1:25:24]} 8. f4
{[%clk 1:31:04]} Nge7 {[%clk 1:22:21]} 9. Nf3 {[%clk 1:31:21]} f6 {[%clk
1:22:03]} 10. O-O {[%clk 1:31:38]} Be6 {[%clk 1:21:53]} 11. f5 {[%clk 1:29:43]}
Bf7 {[%clk 1:17:07]} 12. g4 {[%clk 1:28:08]} Qd7 {[%clk 1:09:41]} 13. Nf2
{[%clk 1:25:31]} O-O-O {[%clk 1:07:57]} 14. g5 {[%clk 1:20:59]} fxg5 {[%clk
1:04:04]} 15. Nxg5 {[%clk 1:21:15]} Bg8 {[%clk 1:04:11]} 16. Ne6 {[%clk
1:21:34]} Bxe6 {[%clk 1:00:55]} 17. fxe6 {[%clk 1:21:59]} Qe8 {[%clk 1:01:13]}
18. Nh3 {[%clk 1:20:34]} h6 {[%clk 0:43:02]} 19. Bf3 {[%clk 1:18:16]} Kb8
{[%clk 0:35:09]} 20. Bh5 {[%clk 1:10:47]} g6 {[%clk 0:34:34]} 21. Bg4 {[%clk
1:10:30]} g5 {[%clk 0:33:43]} 22. Bh5 {[%clk 1:09:48]} Ng6 {[%clk 0:33:07]} 23.
Qg4 {[%clk 0:58:03]} Qg8 {[%clk 0:29:35]} 24. Bd2 {[%clk 0:53:23]} Nf4 {[%clk
0:27:21]} 25. Bf7 {[%clk 0:43:54]} Qh7 {[%clk 0:27:45]} 26. Nxf4 {[%clk
0:41:23]} gxf4 {[%clk 0:27:13]} 27. Kf2 {[%clk 0:39:25]} Rdf8 {[%clk 0:23:23]}
28. Rg1 {[%clk 0:34:21]} Nd8 {[%clk 0:21:10]} 29. Qg6 {[%clk 0:33:32]} Nxf7
{[%clk 0:18:25]} 30. exf7 {[%clk 0:33:52]} Kc7 {[%clk 0:18:46]} 31. c3 {[%clk
0:31:17]} Qxg6 {[%clk 0:17:32]} 32. Rxg6 {[%clk 0:30:21]} Rxf7 {[%clk 0:18:02]}
33. Rag1 {[%clk 0:26:24]} Kd7 {[%clk 0:17:31]} 34. c4 {[%clk 0:24:49]} Be7
{[%clk 0:14:05]} 35. Kf3 {[%clk 0:23:25]} Rhh7 {[%clk 0:11:05]} 36. Be1 {[%clk
0:22:43]} Bf6 {[%clk 0:09:08]} 37. Bf2 {[%clk 0:22:35]} Ke7 {[%clk 0:09:04]}
38. Rb1 {[%clk 0:14:23]} Rfg7 {[%clk 0:04:11]} 39. Rxg7+ {[%clk 0:13:42]} Rxg7
{[%clk 0:04:40]} 40. a4 {[%clk 0:09:52]} Kd6 {[%clk 0:02:12]} 41. Rf1 {[%clk
0:02:29]} Bd8 {[%clk 0:29:21]} 42. Be1 {[%clk 0:33:06]} Rg6 {[%clk 0:28:30]}
43. Bf2 {[%clk 0:16:51]} Kd7 {[%clk 0:27:38]} 44. Rb1 {[%clk 0:16:22]} Kc6
{[%clk 0:22:17]} 45. Be1 {[%clk 0:15:59]} Be7 {[%clk 0:19:10]} 46. b3 {[%clk
0:15:13]} b6 {[%clk 0:18:27]} 47. Bf2 {[%clk 0:13:30]} a6 {[%clk 0:16:57]} 48.
Ra1 {[%clk 0:13:16]} Bd8 {[%clk 0:12:00]} 49. Be1 {[%clk 0:12:40]} b5 {[%clk
0:09:41]} 50. axb5+ {[%clk 0:12:09]} axb5 {[%clk 0:09:21]} 51. Ra6+ {[%clk
0:09:29]} Bb6 {[%clk 0:09:50]} 52. Ba5 {[%clk 0:08:23]} Kb7 {[%clk 0:09:49]}
1/2-1/2

[Event "Deutsche Ländermeisterschaft 2017"]
[Site "Hannover GER"]
[Date "2017.10.03"]
[Round "6"]
[White "Mönster, Madita"]
[Black "Schnabel, Luise"]
[Result "1/2-1/2"]
[Termination "normal"]
[Board "2.7"]
[WhiteElo "1730"]
[BlackElo "1672"]
[WhiteClock "00:02:34"]
[BlackClock "00:02:16"]
[WhiteTeam "Niedersachsen"]
[BlackTeam "Berlin"]
[PlyCount "120"]
[WhiteFideId "12947156"]
[BlackFideId "12943347"]
[EventCountry "GER"]
[EventRounds "7"]
[EventType "team-swiss"]
[EventDate "2017.09.29"]

1. e4 {[%clk 1:30:57]} Nf6 {[%clk 1:30:51]} 2. e5 {[%clk 1:31:05]} Nd5 {[%clk
1:31:15]} 3. d4 {[%clk 1:31:07]} Nb6 {[%clk 1:31:14]} 4. c4 {[%clk 1:30:18]} d6
{[%clk 1:31:38]} 5. exd6 {[%clk 1:30:31]} cxd6 {[%clk 1:32:28]} 6. Nc3 {[%clk
1:30:02]} g6 {[%clk 1:31:25]} 7. b3 {[%clk 1:26:39]} Bg7 {[%clk 1:27:49]} 8.
Bb2 {[%clk 1:25:21]} O-O {[%clk 1:26:26]} 9. Nf3 {[%clk 1:24:38]} Bg4 {[%clk
1:18:57]} 10. Be2 d5 11. h3 {[%clk 1:18:55]} Bxf3 {[%clk 1:15:34]} 12. Bxf3
{[%clk 1:19:04]} e6 {[%clk 1:14:59]} 13. O-O {[%clk 1:17:13]} Nc6 {[%clk
1:14:14]} 14. cxd5 {[%clk 1:08:19]} Nxd5 {[%clk 1:13:49]} 15. Nxd5 {[%clk
1:08:15]} exd5 {[%clk 1:14:10]} 16. Rc1 {[%clk 1:07:46]} Qd7 {[%clk 1:07:58]}
17. Rc5 {[%clk 1:03:28]} Ne7 {[%clk 1:06:53]} 18. Re1 {[%clk 0:59:35]} b6
{[%clk 0:59:11]} 19. Rc2 {[%clk 0:57:55]} Rfc8 {[%clk 0:56:08]} 20. Bg4 {[%clk
0:44:43]} f5 {[%clk 0:52:34]} 21. Bf3 {[%clk 0:44:26]} Rxc2 {[%clk 0:50:13]}
22. Qxc2 {[%clk 0:44:38]} Rc8 {[%clk 0:48:06]} 23. Rxe7 {[%clk 0:34:21]} Rxc2
{[%clk 0:47:07]} 24. Rxd7 {[%clk 0:34:46]} Rxb2 {[%clk 0:47:13]} 25. Bxd5+
{[%clk 0:34:52]} Kf8 {[%clk 0:47:21]} 26. Rf7+ {[%clk 0:35:09]} Kg8 {[%clk
0:45:50]} 27. Rxa7+ {[%clk 0:35:21]} Kf8 {[%clk 0:46:05]} 28. Rf7+ {[%clk
0:30:57]} Kg8 {[%clk 0:46:27]} 29. Rb7+ {[%clk 0:30:01]} Kf8 {[%clk 0:46:24]}
30. Rxb6 {[%clk 0:29:33]} Bxd4 {[%clk 0:45:37]} 31. Ra6 {[%clk 0:26:22]} Rxf2
{[%clk 0:42:04]} 32. Kh1 {[%clk 0:23:08]} Be5 {[%clk 0:35:09]} 33. Bc4 {[%clk
0:19:04]} Rd2 {[%clk 0:28:32]} 34. g4 {[%clk 0:10:31]} Rh2+ {[%clk 0:25:07]}
35. Kg1 {[%clk 0:10:56]} Rxh3 {[%clk 0:24:38]} 36. gxf5 {[%clk 0:11:04]} gxf5
{[%clk 0:23:29]} 37. Ra5 {[%clk 0:07:53]} Re3 {[%clk 0:18:14]} 38. Kf2 {[%clk
0:06:48]} f4 {[%clk 0:16:36]} 39. a4 {[%clk 0:04:48]} h5 {[%clk 0:14:43]} 40.
Rb5 {[%clk 0:00:40]} Ke7 {[%clk 0:09:07]} 41. a5 {[%clk 0:28:18]} Bd4 {[%clk
0:36:54]} 42. Kf1 {[%clk 0:25:21]} h4 {[%clk 0:24:29]} 43. a6 {[%clk 0:20:33]}
Rf3+ {[%clk 0:19:48]} 44. Ke1 {[%clk 0:16:07]} Rf2 {[%clk 0:15:37]} 45. b4
{[%clk 0:04:34]} Rf3 {[%clk 0:12:28]} 46. Ra5 {[%clk 0:04:05]} Ba7 {[%clk
0:12:11]} 47. Rb5 {[%clk 0:03:34]} Bd4 {[%clk 0:10:06]} 48. Rh5 {[%clk
0:02:49]} h3 {[%clk 0:09:24]} 49. Bd5 {[%clk 0:02:17]} Ra3 {[%clk 0:08:12]} 50.
b5 {[%clk 0:02:34]} f3 {[%clk 0:07:39]} 51. Kd2 {[%clk 0:01:29]} f2 {[%clk
0:04:42]} 52. Bc4 {[%clk 0:01:38]} Ra2+ {[%clk 0:03:51]} 53. Kd1 {[%clk
0:00:58]} Ra1+ {[%clk 0:03:52]} 54. Kd2 {[%clk 0:01:10]} f1=Q {[%clk 0:03:41]}
55. Bxf1 {[%clk 0:01:34]} Rxf1 {[%clk 0:04:04]} 56. Rxh3 {[%clk 0:02:00]} Rb1
{[%clk 0:02:36]} 57. Rh7+ {[%clk 0:02:24]} Kd6 {[%clk 0:02:39]} 58. Rb7 {[%clk
0:02:50]} Bg1 {[%clk 0:01:44]} 59. a7 {[%clk 0:02:08]} Bxa7 {[%clk 0:01:54]}
60. Rxa7 {[%clk 0:02:34]} Rxb5 {[%clk 0:02:16]} 1/2-1/2

[Event "Deutsche Ländermeisterschaft 2017"]
[Site "Hannover GER"]
[Date "2017.10.03"]
[Round "6"]
[White "Zhou, Lepu Coco"]
[Black "Reichelt, Lena"]
[Result "1-0"]
[Termination "normal"]
[Board "2.8"]
[WhiteElo "1585"]
[BlackElo "1502"]
[WhiteClock "00:25:23"]
[BlackClock "00:00:49"]
[WhiteTeam "Berlin"]
[BlackTeam "Niedersachsen"]
[PlyCount "75"]
[WhiteFideId "16217136"]
[BlackFideId "12981184"]
[EventCountry "GER"]
[EventRounds "7"]
[EventType "team-swiss"]
[EventDate "2017.09.29"]

1. e4 {[%clk 1:30:59]} c5 {[%clk 1:30:51]} 2. Nf3 {[%clk 1:31:25]} Nc6 {[%clk
1:31:08]} 3. d4 {[%clk 1:31:50]} cxd4 {[%clk 1:31:14]} 4. Nxd4 {[%clk 1:32:13]}
Nf6 {[%clk 1:31:11]} 5. Nc3 {[%clk 1:32:29]} e5 {[%clk 1:30:35]} 6. Ndb5 {[%clk
1:32:21]} d6 {[%clk 1:30:35]} 7. Nd5 {[%clk 1:32:36]} Nxd5 {[%clk 1:29:50]} 8.
exd5 {[%clk 1:32:59]} Nb8 {[%clk 1:26:51]} 9. c4 {[%clk 1:30:43]} a6 {[%clk
1:16:59]} 10. Nc3 {[%clk 1:30:24]} Nd7 {[%clk 1:15:18]} 11. Be2 {[%clk
1:28:46]} f5 {[%clk 1:13:52]} 12. Qc2 {[%clk 1:24:58]} g6 {[%clk 1:12:09]} 13.
Bd2 {[%clk 1:23:09]} Bg7 {[%clk 1:10:16]} 14. O-O {[%clk 1:19:38]} O-O {[%clk
1:09:17]} 15. f4 {[%clk 1:17:41]} Nf6 {[%clk 0:56:31]} 16. Rab1 {[%clk
1:11:08]} Bd7 {[%clk 0:45:27]} 17. b4 {[%clk 1:08:31]} e4 {[%clk 0:37:14]} 18.
c5 {[%clk 1:06:50]} Be8 {[%clk 0:27:12]} 19. h3 {[%clk 1:00:12]} dxc5 {[%clk
0:18:54]} 20. bxc5 {[%clk 1:00:30]} Kh8 {[%clk 0:16:57]} 21. d6 {[%clk
0:57:27]} Bc6 {[%clk 0:16:36]} 22. Be3 {[%clk 0:52:43]} Qd7 {[%clk 0:13:18]}
23. Rfd1 {[%clk 0:46:35]} Rac8 {[%clk 0:07:10]} 24. Qd2 {[%clk 0:39:06]} Rfd8
{[%clk 0:05:28]} 25. Bc4 {[%clk 0:36:02]} Qe8 {[%clk 0:03:54]} 26. Nd5 {[%clk
0:34:54]} Nxd5 {[%clk 0:03:16]} 27. Bxd5 {[%clk 0:35:13]} Bxd5 {[%clk 0:03:06]}
28. Qxd5 {[%clk 0:35:34]} Qd7 {[%clk 0:03:12]} 29. Qxb7 {[%clk 0:32:43]} Qxb7
{[%clk 0:02:21]} 30. Rxb7 {[%clk 0:33:07]} Kg8 {[%clk 0:01:26]} 31. Rb6 {[%clk
0:31:43]} a5 {[%clk 0:01:38]} 32. c6 {[%clk 0:31:56]} Bf8 {[%clk 0:00:35]} 33.
d7 {[%clk 0:31:38]} Rc7 {[%clk 0:00:50]} 34. Rd5 {[%clk 0:27:47]} Bb4 {[%clk
0:00:32]} 35. Rxb4 {[%clk 0:24:36]} axb4 {[%clk 0:00:43]} 36. Bb6 {[%clk
0:24:57]} Rxc6 {[%clk 0:00:57]} 37. Bxd8 {[%clk 0:25:17]} Rc1+ {[%clk 0:00:49]}
38. Kh2 {[%clk 0:25:23]} 1-0